| 000 | 00644nam a2200241 a 4500 | ||
|---|---|---|---|
| 005 | 20210219153256.0 | ||
| 008 | 991125n 000 0 u | ||
| 035 | _aUPN01000088058 | ||
| 100 | 1 | _aEspadas Sosa, Freddy Javier | |
| 222 | 0 | _aREVISTA DE LA UNIVERSIDAD AUTONOMA DE YUCATAN | |
| 245 | 0 | 0 | _a1990 : la deuda de la infancia |
| 260 | _aMérida, Yucatán | ||
| 300 | _a13-15 | ||
| 362 | 0 | _a1990 Vol. 5, no. 174, jul.-sep. | |
| 653 | 0 | _aDERECHOS DEL NIÑO | |
| 653 | 0 | _aDESNUTRICION | |
| 653 | 0 | _aNIÑOS | |
| 653 | 0 | _aONU | |
| 653 | 0 | _aPAISES EN DESARROLLO | |
| 653 | 0 | _aUNICEF | |
| 904 |
_aAC _b025869 |
||
| 905 | _aArticulo | ||
| 999 |
_c72825 _d72825 |
||